000 00663nam a2200217 a 4500
999 _c2441
_d2441
001 2441
003 BD-JhCC
005 20171102174210.0
008 171102s2009 bg ||||| |||| 001 0 ben d
035 _a(BD-JhCC)2441
040 _aBD-JhCC
_dBD-JhCC
041 _aben
082 _222
_a306
_bALM 2009
100 _aআলম, ফজলুল
245 _aসংস্কৃতি নব্যরুপরেখায় সমকাল /
_cফজলুল আলম
260 _aঢাকা :
_bঅ্যাডর্ন পাবলিকেশন,
_c২০০৯
300 _a111 p. :
_c22cm.
650 _aCulture
942 _2ddc
_cBK